| 000 | 00615nmc a2200253 a 4500 | ||
|---|---|---|---|
| 003 | AR-BaBNM | ||
| 005 | 20251128211327.0 | ||
| 008 | 214020s1999 ||||||||||||||000 | spa|| | ||
| 020 | _a987-9334-06-X | ||
| 040 | _cAR-BaBNM | ||
| 100 | 1 |
_aCohen, Marcelo _d1951- |
|
| 245 | 1 | 0 | _aHombres amables |
| 250 | _a1ยช ed. | ||
| 260 |
_aBuenos Aires _bGrupo Editorial Norma _c1999 |
||
| 300 | _a321 p. | ||
| 490 | 0 | _aLa otra orilla | |
| 650 | 4 | _aLITERATURA ARGENTINA | |
| 650 | 4 | _aLITERATURA CONTEMPORANEA | |
| 650 | 4 | _aNOVELAS | |
| 653 | _aNARRATIVA | ||
| 655 | _aLITERATURA | ||
| 942 | _cBK | ||
| 998 | _cLaura | ||
| 999 |
_c19177 _d19177 |
||